El castillo de los búhos (Record no. 198548)

MARC details
000 -LEADER
campo de control de longitud fija 01475nam a22004094c 4500
001 - NÚMERO DE CONTROL
campo de control 198548
003 - IDENTIFICADOR DE NÚMERO DE CONTROL
campo de control SpMaBN
005 - FECHA Y HORA DE LA ÚLTIMA TRANSACCIÓN
campo de control 20260701174653.0
008 - DATOS DE LONGITUD FIJA--INFORMACIÓN GENERAL
campo de control de longitud fija 260701s2014 sp a | |||| 000 f spa
015 ## - NÚMERO DE BIBLIOGRAFÍA NACIONAL
Número de bibliografía nacional MON14
017 ## - NÚMERO DE COPYRIGHT O DE DEPÓSITO LEGAL
Número de copyright o de depósito legal M 36949-2014
Agencia que asigna Oficina Depósito Legal Madrid
020 ## - NÚMERO INTERNACIONAL ESTÁNDAR DEL LIBRO
Número Internacional Estándar del Libro 9788494180279
035 ## - NÚMERO DE CONTROL DEL SISTEMA
Número de control de sistema (OCoLC)908827017
035 ## - NÚMERO DE CONTROL DEL SISTEMA
Número de control de sistema (SpMaBN)a5632845
040 ## - FUENTE DE CATALOGACIÓN
Centro catalogador/agencia de origen SpMaBN
Lengua de catalogación spa
Centro/agencia transcriptor SpMaBN
Normas de descripción rdc
080 ## - NÚMERO DE LA CLASIFICACIÓN DECIMAL UNIVERSAL
Número de la Clasificación Decimal Universal 821.521-31"19"
100 1# - ENTRADA PRINCIPAL--NOMBRE DE PERSONA
Nombre de persona Shiba, Ryōtarō
Fechas asociadas al nombre 1923-1996
Relación aut
9 (RLIN) 243310
240 10 - TÍTULO UNIFORME
Título uniforme Fukurō no shiro
Lenguaje de la obra Español
245 13 - MENCIÓN DEL TÍTULO
Título El castillo de los búhos
Mención de responsabilidad, etc. Ryōtarō Shiba ; traducción, Ismael Funes Aguilera, Bárbara Pesquer Isasi
260 ## - PUBLICACIÓN, DISTRIBUCIÓN, ETC.
Lugar de publicación, distribución, etc. San Fernando de Henares, Madrid
Nombre del editor, distribuidor, etc. Quaterni
Fecha de publicación, distribución, etc. D.L. 2014
300 ## - DESCRIPCIÓN FÍSICA
Extensión 372 p.
Otras características físicas il., mapas
Dimensiones 23 cm
336 ## - TIPO DE CONTENIDO
Término de tipo de contenido Texto (visual)
Fuente isbdcontent
337 ## - TIPO DE MEDIO
Nombre/término del tipo de medio sin mediación
Fuente isbdmedia
338 ## - TIPO DE SOPORTE
Fuente rdacarrier
Nombre/término del tipo de soporte volumen
500 ## - NOTA GENERAL
Nota general Registro provisional. DJ-53. Depósito J
594 ## - Nota al título y mención de responsabilidad
Nota al título y mención de responsabilidad Título paralelo en japonés
594 ## - Nota al título y mención de responsabilidad
Nota al título y mención de responsabilidad Título original: Fukurō no shiro
700 1# - ENTRADA AGREGADA--NOMBRE PERSONAL
Nombre de persona Funes Aguilera, Ismael
Término indicativo de función/relación Traductor
Relación trl
9 (RLIN) 243311
700 1# - ENTRADA AGREGADA--NOMBRE PERSONAL
Nombre de persona Pesquer Isasi, Bárbara
Término indicativo de función/relación Traductor
Relación trl
9 (RLIN) 243312
852 ## - LOCALIZACIÓN
Ubicación ES-MaACL
Ubicación en estantería Depósito J
Número de control de estantería DJ-53
Donativo/Legado Donación: José Lázaro García
Encuadernación Encuadernación rustica con solapas
Nota libre En proceso
901 ## - NOMBRE PERSONAL DE POSESOR
a MON1504
942 ## - ELEMENTOS DE ENTRADA SECUNDARIOS (KOHA)
Fuente del sistema de clasificación o colocación Clasificación decimal universal
Tipo de ítem Koha Libro impreso
Suprimir en OPAC No
956 ## - LOCALIZACIÓN Y ACCESO ELECTRÓNICOS LOCAL (OCLC)
Nombre del host 2

No items available.